| 000 | 02078nam2a2200253 4500 | ||
|---|---|---|---|
| 001 | RU\NLR\BIBL_A\011477726 | ||
| 005 | 20170929144548.0 | ||
| 010 |
_a978-5-7755-3813-2 _bкн. 2 |
||
| 021 |
_aRU _b2017-66598 _94711 |
||
| 021 |
_aRU _bКН-П-18-048308 _9КН-П-18-3490 |
||
| 035 | _a(NLR Aleph) 011477726 | ||
| 035 | _a(RuMoRGB)009382838 | ||
| 090 |
_a11883316 _c11883316 |
||
| 100 | _a20170925d2018 d y0rusy50 ca | ||
| 101 | 0 | _arus | |
| 102 | _aRU | ||
| 105 | _aa|||j|||000zy | ||
| 200 | 0 | _aКн. 2 | |
| 215 |
_a127 с. _cил., цв. ил. |
||
| 461 | 0 |
_1001RU\NLR\BIBL_A\011477723 _12001#$aМатематика$eучебник для 4 класса начальной школы$e[система Д.Б. Эльконина - В.В. Давыдова$eсоответствует Федеральному государственному образовательному стандарту и Примерной основной образовательной программе начального общего образования]$aв 2-х книгах$fВ.В. Давыдов, С.Ф. Горбов, Г.Г. Микулина$vКн. 2 _1700#1$aДавыдов$bВ. В.$cд-р психол. наук, математик$f1930-1998$gВасилий Васильевич$3RU\NLR\AUTH\7726928 _911883302 _aДавыдов, В. В. (д-р психол. наук, математик ; 1930-1998) _cМосква _d2018 _e13-е изд. _fВ.В. Давыдов, С.Ф. Горбов, Г.Г. Микулина _nВита-пресс _oучебник для 4 класса начальной школы : [система Д.Б. Эльконина - В.В. Давыдова : соответствует Федеральному государственному образовательному стандарту и Примерной основной образовательной программе начального общего образования] _tМатематика _y9785775538149 _vКн. 2 |
|
| 942 | _cBOOK | ||
| 980 | _aNB | ||